El "Poema de Cid" : Poesía, historia, mito

Guardado en:
Bibliografiske detaljer
Hovedforfatter: Bandera Gómez, Cesáreo
Format: Bog
Sprog:Undetermined
Udgivet: Madrid, España Gredos 1969
Fag:
Tags: Tilføj Tag
Ingen Tags, Vær først til at tagge denne postø!

MARC

LEADER 00000nam a2200000Ia 4500
008 170316s9999 xx 000 0 und d
090 |a 862 B-2p 
100 |a Bandera Gómez, Cesáreo 
245 |a El "Poema de Cid" : Poesía, historia, mito 
260 |a Madrid, España 
260 |b Gredos 
260 |c 1969 
300 |a 189 páginas 
650 |a LITERATURA ESPAÑOLA 
999 |c 24941  |d 24941 
040 |a cru BVZT 
942 |c 15 D  |h 862 B-2p  |2 z